Nommez les pays hôtes des jeux olympiques d'hiver - Statistiques

Statistiques générales
  • Ce quiz a été pris 458 fois
  • Le résultat moyen est 20 sur 23
Statistiques - réponses
Hint Réponse % Correct
1924 France
99%
1968 France
99%
1992 France
99%
2014 Russie
98%
1988 Canada
96%
2010 Canada
96%
1932 Etats-Unis
92%
1960 Etats-unis
92%
1980 Etats-unis
92%
2002 Etats-unis
92%
1952 Norvege
92%
1994 Norvege
92%
1956 Italie
91%
2006 Italie
91%
1936 Allemagne
89%
1972 Japon
88%
1998 Japon
88%
2018 Coree du Sud
85%
1928 Suisse
85%
1948 Suisse
85%
1964 Autriche
79%
1976 Autriche
79%
1984 Yougoslavie
44%
Aucun quiz correspondant
Distribution des résultats
% des personnes avec chaque résultat
Percentile par nombre de réponses
Votre historique - résultats
Vous n’avez pas pris ce quiz